| 000 -LEADER |
| fixed length control field |
01844cam a2200217 a 4500 |
| 003 - CONTROL NUMBER IDENTIFIER |
| control field |
OSt |
| 005 - DATE AND TIME OF LATEST TRANSACTION |
| control field |
20240712161515.0 |
| 008 - FIXED-LENGTH DATA ELEMENTS--GENERAL INFORMATION |
| fixed length control field |
240712b ||||| |||| 00| 0 eng d |
| 020 ## - INTERNATIONAL STANDARD BOOK NUMBER |
| International Standard Book Number |
9780415423298 (pb : alk. paper) |
| 082 00 - DEWEY DECIMAL CLASSIFICATION NUMBER |
| Classification number |
711/.4 |
| Edition number |
22 |
| 100 1# - MAIN ENTRY--PERSONAL NAME |
| Personal name |
Marshall, Stephen, |
| Dates associated with a name |
1967- |
| 245 10 - TITLE STATEMENT |
| Title |
Cities design and evolution / |
| Statement of responsibility, etc |
Stephen Marshall. |
| 260 ## - PUBLICATION, DISTRIBUTION, ETC. (IMPRINT) |
| Place of publication, distribution, etc |
Abingdon, Oxon ; |
| -- |
New York, NY : |
| Name of publisher, distributor, etc |
Routledge, |
| Date of publication, distribution, etc |
2009. |
| 300 ## - PHYSICAL DESCRIPTION |
| Extent |
xiii, 342 p. : |
| Other physical details |
ill., facisms., plans ; |
| Dimensions |
21 cm. |
| 504 ## - BIBLIOGRAPHY, ETC. NOTE |
| Bibliography, etc |
Includes bibliographical references( p.[307]-330 ) and index. |
| 505 0# - FORMATTED CONTENTS NOTE |
| Formatted contents note |
Introduction -- Planning at the crossroads -- Understanding urbanism -- Learning from science and nature -- This book -- Cities, planning and modernism -- City planning -- Modernist city planning -- Post-modern urbanism -- Conclusions -- Articulating urban order -- Urban units -- Urban syntax -- The nature of urban order -- Conclusions -- The social logic of urban order -- Buildings -- Cities -- The streets -- Conclusions -- The kind of thing a city is -- Metaphors and models -- Emerging perspectives -- The city as ecosystem -- Conclusions -- Emergence and evolution -- Emergence -- Evolution -- Conclusions -- Emergent urban order -- Urban emergence -- Street patterns -- City forms -- Conclusions -- Cities in evolution -- The evolution of cities -- Modernism in evolution -- 21st century evolving urbanism -- Planning, design and evolution -- Creation, development or evolution -- Space, time and civics -- An evolutionist approach -- Conclusions -- Understanding cities and urbanism -- Implications for practice and research -- Reflections on evolution -- Beyond cities, design and evolution. |
| 650 #0 - SUBJECT ADDED ENTRY--TOPICAL TERM |
| Topical term or geographic name as entry element |
City planning. |
| 650 #0 - SUBJECT ADDED ENTRY--TOPICAL TERM |
| Topical term or geographic name as entry element |
Cities and towns. |
| 856 41 - ELECTRONIC LOCATION AND ACCESS |
| Materials specified |
Table of contents only |
| Uniform Resource Identifier |
<a href="http://www.loc.gov/catdir/toc/ecip0719/2007021591.html">http://www.loc.gov/catdir/toc/ecip0719/2007021591.html</a> |
| 942 ## - ADDED ENTRY ELEMENTS (KOHA) |
| Source of classification or shelving scheme |
|